000 00512nab a2200145Ia 4500
003 ES-SlBCS
005 20210601134127.0
008 140529s2013 xxu||||| |||| 00| 0 por d
041 _apor
100 1 _aLouro Felgueiras, Margarida
_9213928
245 0 0 _aAs condiçoes de vida dos professores primários da República ao fim da Ditadura
_c Margarida Louro Felgueiras
650 0 4 _aProfesorado
_9139336
773 0 _tEducaçao e Filosofia
_gvol. Nº especial 27, nº. 1, 2013, págs. 75-108
_wRev1534
942 _cAR
999 _c607516
_d607516